00385nam a22001577a 450000500170000001000130001702000260003003500130005603700080006903700120007708200110008910000160010024500550011626000340017130000220020520100508104853.0 aB-442792 a9788174363541c500.00 aB-442792 bUBH bRBC/Ven a954.16 aPeck, Lucy  aDelhi a thousand years of building /cby Lucy Peck aNew Delhi bRoli Books c2006 a306p. c23cm(pbk)